Name The EDM Artist(s) By Their Song - Statistics

General Stats
  • This quiz has been taken 628 times
  • The average score is 14 of 25
Answer Stats
Hint Answer % Correct
Wake Me Up Avicii
90%
Animals Martin Garrix
90%
Summer Calvin Harris
83%
Get Lucky Daft Punk
78%
Lean On Major Lazer
77%
Clarity Zedd
75%
Turn Down For What Dj Snake
74%
Firestone Kygo
74%
#Selfie The Chainsmokers
72%
Runaway (You And I) Galantis
71%
Red Lights Tiesto
71%
Heroes (we could be) Alesso
65%
Recess Skrillex
63%
Where Are Ü Now Jack Ü
58%
Call Me A Spaceman Hardwell
56%
Five Hours Deorro
52%
Ghosts N Stuff Deadmau5
51%
Revolution Diplo
45%
Internet Friends Knife Party
39%
We Like To Party Showtek
26%
Shotgun Yellow Claw
23%
Dum Dee Dum Keys N Krates
15%
When We Were Young Dillon Francis
14%
The City Madeon
10%
Baby Baby Tropkillaz
3%
No matching quizzes found
Score Distribution
Percent of People with Each Score
Percentile by Number Answered
Your Score History
You have not taken this quiz